01372nam a22003257i 4500999001700000003000900017008004100026020002300067040007100090082002300161100003300184245004500217260005800262300003200320505024400352650003500596650003000631650002900661650004200690650004100732650003700773650003700810650002600847650002900873700003800902700004500940856002400985942001601009945002101025  c23470d23470AR-CdUCM260121b20232023 pe||||| |||| 00| 0 spa d  a9788-607-576-032-2  aMUNICIPALIDAD PROVINCIAL DEL CUSCOcBIBLIOTECA MUNICIPAL DEL CUSCO  aES / 373.61 /bS21  aSánchez Lasheras, Fernando  aSistema de aprendizaje automático /     aMéxico :bAlfaomega Grupo Editor S.A. de C.V.c2023  a170 páginas. :c27x21 cm.  aCaracterización de la inteligencia -- Aprendizaje automático -- Algoritmos de aprendizaje supervisado -- Aprendizajes no supervisado --  Modelos computacionales de redes neuronales y comparación -- Valores de la calidad de resultados  aInteligencia artificial952061  aAgentes racionales952062  aRedes neuronales 952063  aAlgoritmos de clasificación 952064  aEjercicios de segmentación 952065  aConvalidación de modelo952066  aFiltrando un set de datos952067  aCopa de salida952068  aLas curvas de ROC952069  aRodriguez Muiños, Carlos952070  aMenéndez García, Luis Alfonso952071  fwww.alfomega.com.mx  2ddccLIBROS  apbjrd21-01-2026